[Event "ISR-chT 2019"]
[Site "Israel"]
[Date "2019.02.15"]
[Round "5.34"]
[White "Zifroni, Dov"]
[Black "Kundin, Alexander"]
[Result "1-0"]
[WhiteElo "2442"]
[BlackElo "2311"]
[Annotator "NA"]
[PlyCount "73"]
[EventDate "2019.01.04"]
[EventType "team-tourn"]
[EventCountry "ISR"]
[SourceTitle "playchess.com"]
[Source "ChessBase"]
[SourceQuality "1"]
[TimeControl "40/5400+30:1800+30"]

1. d4 {[%emt 1:30:30]} d5 {[%emt 0:04:29]} 2. c4 {[%emt 0:00:00]} c6 {[%emt 0:00:06]} 3. Nf3 {[%emt 0:00:00]} Nf6 {[%emt 0:00:08]} 4. Nc3 {[%emt 0:00:00]} a6 {[%emt 0:00:04]} 5. c5 {[%emt 0:00:00]} Nbd7 {[%emt 0:00:07]} 6. Bf4 {[%emt 0:00:00]} Nh5 {[%emt 0:00:08]} 7. Bd2 {[%emt 0:00:00]} Qc7 {[%emt 0:14:47]} 8. e4 dxe4 {[%emt 0:06:21]} 9. Ng5 {[%emt 0:00:00]} Ndf6 {[%emt 0:31:33]} 10. Bc4 {[%emt 0:00:00]} e6 {[%emt 0:00:02]} 11. Ncxe4 {[%emt 0:00:00]} Be7 {[%emt 0:00:36]} 12. O-O {[%emt 0:00:00]} Nxe4 {[%emt 0:06:04]} 13. Nxe4 {[%emt 0:00:00]} Nf6 {[%emt 0:00:01]} 14. Qf3 {[%emt 0:00:00]} Nxe4 {[%emt 0:01:50]} 15. Qxe4 {[%emt 0:00:00]} O-O {[%emt 0:01:23]} 16. Bf4 {[%emt 0:00:00]} Qd8 {[%emt 0:00:55]} 17. Rad1 {[%emt 0:00:00]} Bd7 {[%emt 0:02:41]} 18. Rd3 {[%emt 0:00:00]} Bf6 {[%emt 0:01:42]} 19. Be5 {[%emt 0:00:00]} g6 {[%emt 0:11:45]} 20. Rfd1 {[%emt 0:00:00]} Bg7 {[%emt 0:01:34]} 21. Qf4 {[%emt 0:00:00]} f6 {[%emt 0:02:24]} 22. Bc7 {[%emt 0:00:00]} Qc8 {[%emt 0:00:43]} 23. Re1 {[%emt 0:00:00]} Re8 {[%emt 0:00:17]} 24. Rde3 {[%emt 0:00:00]} Kf7 {[%emt 0:04:51]} 25. Bd6 {[%emt 0:00:00]} Qd8 {[%emt 0:02:32]} 26. Rb3 {[%emt 0:00:00]} Ra7 {[%emt 0:01:31]} 27. h4 {[%emt 0:00:29]} Qa5 {[%emt 0:01:54]} 28. Rc1 {[%emt 0:02:38]} Qd8 {[%emt 0:00:39]} 29. Re3 {[%emt 0:01:37]} Ra8 {[%emt 0:00:46]} 30. Bc7 {[%emt 0:00:53]} Qc8 {[%emt 0:02:16]} 31. Rce1 {[%emt 0:00:36]} Kg8 {[%emt 0:00:33]} 32. Bd6 {[%emt 0:00:22]} Kf7 {[%emt 0:00:39]} 33. h5 {[%emt 0:02:53]} g5 {[%emt 0:00:35]} 34. Qf5 {[%emt 0:01:21]} h6 {[%emt 0:00:28]} 35. Qh7 {[%emt 0:01:12]} Ra7 {[%emt 0:00:28]} 36. Bd3 {[%emt 0:00:47]} Rh8 {[%emt 0:00:21]} 37. Bg6# {[%emt 0:00:13]} 1-0

[Event "ISR-chT 2019"]
[Site "Israel"]
[Date "2019.02.15"]
[Round "5.35"]
[White "Haimovich, Tal"]
[Black "Kreizberg, Michael"]
[Result "*"]
[WhiteElo "2408"]
[BlackElo "2297"]
[Annotator "NA"]
[PlyCount "36"]
[EventDate "2019.01.04"]
[EventType "team-tourn"]
[EventCountry "ISR"]
[SourceTitle "playchess.com"]
[Source "ChessBase"]
[SourceQuality "1"]
[TimeControl "40/5400+30:1800+30"]

1. d4 {[%emt 0:00:00]} Nf6 {[%emt 0:00:10]} 2. c4 {[%emt 0:00:00]} e6 {[%emt 0:00:05]} 3. g3 {[%emt 0:00:00]} c5 {[%emt 0:01:31]} 4. d5 {[%emt 0:01:46]} exd5 {[%emt 0:00:25]} 5. cxd5 {[%emt 0:00:05]} d6 {[%emt 0:00:34]} 6. Nc3 {[%emt 0:00:23]} g6 {[%emt 0:00:07]} 7. Bg2 {[%emt 0:00:14]} Bg7 {[%emt 0:00:04]} 8. Nf3 {[%emt 0:00:11]} O-O {[%emt 0:00:07]} 9. O-O {[%emt 0:00:04]} Re8 {[%emt 0:01:11]} 10. Bf4 {[%emt 0:00:55]} Ne4 {[%emt 0:00:56]} 11. Nxe4 {[%emt 0:00:51]} Rxe4 {[%emt 0:00:06]} 12. Nd2 {[%emt 0:02:02]} Rb4 {[%emt 0:00:54]} 13. a3 {[%emt 0:02:08]} Rxf4 {[%emt 0:04:20]} 14. gxf4 {[%emt 1:28:21]} Bxb2 {[%emt 0:00:06]} 15. Rb1 {[%emt 0:05:45]} Bg7 {[%emt 0:04:49]} 16. e4 {[%emt 0:00:31]} Nd7 {[%emt 0:09:17]} 17. Nf3 {[%emt 0:33:49]} Bh6 {[%emt 0:03:33]} 18. Ng5 {[%emt 0:01:09]} Nf6 {[%emt 0:18:47]} *

[Event "ISR-chT 2019"]
[Site "Israel"]
[Date "2019.02.15"]
[Round "5.35"]
[White "Kreizberg, Michael"]
[Black "Haimovich, Tal"]
[Result "1/2-1/2"]
[WhiteElo "2297"]
[BlackElo "2408"]
[Annotator "TA"]
[PlyCount "123"]
[EventDate "2019.01.04"]
[EventType "team-tourn"]
[EventCountry "ISR"]
[SourceTitle "playchess.com"]
[Source "ChessBase"]
[SourceQuality "1"]

{[%evp 28,123,11,32,14,0,0,-72,0,0,-17,-10,29,29,33,33,68,74,69,70,79,68,77,77,75,-116,-133,-100,-123,-139,-81,-97,-109,-107,-85,-89,-97,-117,0,-14,0,0,0,-42,34,34,34,14,34,34,34,34,34,34,34,39,39,39,38,39,49,39,39,34,34,25,25,25,39,0,49,34,50,46,46,0,34,0,25,0,34,25,34,34,34,25,39,25,40,40,46,46,47,39,39,41,45,25]} 1. d4 Nf6 2. c4 e6 3. g3 c5 4. d5 exd5 5. cxd5 d6 6. Nc3 g6 7. Bg2 Bg7 8. Nf3 O-O 9. O-O Re8 10. Bf4 Ne4 11. Nxe4 Rxe4 12. Nd2 {A62: Modern Benoni: Fianchetto Variation without early ...Nbd7} Rb4 (12... Rxf4 13. gxf4 Bxb2 14. Rb1 Bg7 15. e4 Nd7 16. Qf3 b5 17. Rfe1 c4 18. e5 dxe5 19. Rxb5 Ba6 {1-0 (50) Matlakov,M (2684)-Bologan,V (2654) Poikovsky 2016}) 13. a3 Rxf4 14. gxf4 Bxb2 15. Rb1 {LiveBook: 3 Games} Bg7 16. e4 Nd7 $146 ({Predecessor:} 16... Qh4 17. Qa4 Nd7 18. Rxb7 Nf8 19. Rb3 Bd7 {1-0 (45) Lopez,J (2127)-Dekker,M (2084) Curacao 2011}) 17. Nf3 (17. Nc4 $11 Nb6 18. Ne3) 17... Bh6 (17... Nf6 $17) 18. Ng5 $11 Nf6 19. e5 dxe5 (19... Nh5 $5 {[%cal Rh5f4]} 20. e6 Bxg5 21. exf7+ Kxf7 22. fxg5 Qxg5 $11) 20. Nxf7 Kxf7 21. fxe5 Nh5 {[%cal Bf6h5,Bh5f4,Bf4e2,Be2d4][%mdl 32]} 22. d6 $1 Nf4 23. d7 $1 {[%cal Rd7c8]} Qxd7 {[#]} 24. Rxb7 $1 {[%mdl 512] [#]} Ne2+ $1 {[%mdl 512]} (24... Bxb7 25. Qxd7+) 25. Kh1 (25. Qxe2 Bxb7) 25... Qxb7 26. Bxb7 $2 (26. Qxe2 $16 Qb8 27. Qf3+ Bf5 28. Qd5+ Be6 29. Qxa8 Qxa8 30. Bxa8) 26... Bxb7+ $17 27. f3 Nd4 $36 {[%mdl 2048] White is under strong pressure.} 28. Qa4 Kg8 (28... Bc6 $142 $1 {[%cal Rc6a4]} 29. Qc4+ Ne6) 29. Qc4+ Kh8 $1 30. Qxc5 Nxf3 ({Don't blunder} 30... Bxf3+ $2 31. Rxf3 $1 {[%mdl 512]} Nxf3 32. e6 $18) 31. Rb1 Be4 32. Rb4 {[#]} Nd4+ (32... Bf8 $1 $17 33. Qe3 Bd5) 33. Kg1 $11 Be3+ 34. Kf1 Nf5 35. Qc7 Bd3+ (35... Bb6 $1 $15 36. Qd7 Rd8 37. Qxd8+ Bxd8) 36. Ke1 $14 {Intending Rb7 and mate.} Bb6 $1 {[%cal Rb6c7]} 37. Qc3 Rd8 38. e6+ Kg8 {[#] Hoping for ...Ba5.} 39. Rxb6 $1 {[%mdl 512]} axb6 40. Qc7 Rf8 41. Qd7 Bc4 {aiming for ...Ng7.} 42. e7 {[#]} Nxe7 $1 43. Qxe7 {[%mdl 4096] Endgame Strongly threatening Qb4. KQ-KRB} b5 44. Kd2 {[%mdl 1024] White has compensation.} Rf5 45. Ke3 Bf7 46. Qd8+ Kg7 47. Qd4+ Kf8 48. Qd8+ Be8 49. Qd6+ Kf7 50. Qc7+ Kg8 $1 51. Qe7 Bf7 52. Qd8+ Kg7 53. Qd4+ Kh6 54. Qh4+ Rh5 55. Qf4+ Kg7 56. Qd4+ Kf8 57. Qd6+ Ke8 58. Qb8+ {White is slightly better.} Kd7 59. Qb7+ Ke6 60. Qc6+ Ke7 61. Qc7+ Kf6 62. Qd8+ {Precision: White = 51%, Black = 56%.} 1/2-1/2

[Event "ISR-chT 2019"]
[Site "Israel"]
[Date "2019.02.15"]
[Round "5.36"]
[White "Lev, Ronen"]
[Black "Gershkowich, David"]
[Result "1-0"]
[WhiteElo "2355"]
[BlackElo "2200"]
[Annotator "NA"]
[PlyCount "105"]
[EventDate "2019.01.04"]
[EventType "team-tourn"]
[EventCountry "ISR"]
[SourceTitle "playchess.com"]
[Source "ChessBase"]
[SourceQuality "1"]
[TimeControl "40/5400+30:1800+30"]

1. d4 {[%emt 0:00:00]} Nf6 {[%emt 0:00:00]} 2. c4 {[%emt 0:00:00]} e6 {[%emt 0:01:53]} 3. Nf3 {[%emt 0:00:47]} d5 {[%emt 0:00:21]} 4. Nc3 {[%emt 0:00:07]} Be7 {[%emt 0:00:07]} 5. cxd5 {[%emt 0:00:17]} exd5 {[%emt 0:00:11]} 6. Bg5 {[%emt 0:00:12]} Nbd7 {[%emt 0:00:07]} 7. e3 {[%emt 0:00:15]} c6 {[%emt 0:00:07]} 8. Bd3 {[%emt 0:01:01]} O-O {[%emt 0:00:18]} 9. O-O {[%emt 0:00:25]} Re8 {[%emt 0:00:06]} 10. Qc2 {[%emt 0:00:37]} Nf8 {[%emt 0:00:20]} 11. Bxf6 {[%emt 0:03:05]} Bxf6 {[%emt 0:00:05]} 12. b4 {[%emt 0:00:06]} a6 {[%emt 0:02:05]} 13. a4 {[%emt 0:00:46]} a5 {[%emt 0:00:17]} 14. b5 {[%emt 0:00:45]} Be7 {[%emt 0:03:11]} 15. Rfc1 {[%emt 0:00:26]} Be6 {[%emt 0:01:35]} 16. bxc6 {[%emt 0:13:20]} bxc6 {[%emt 0:00:14]} 17. Ne5 {[%emt 0:01:43]} Qd6 {[%emt 0:04:09]} 18. Ne2 {[%emt 0:01:19]} Rec8 {[%emt 0:03:36]} 19. Nxc6 {[%emt 0:08:27]} Kh8 {[%emt 0:00:58]} 20. Bb5 {[%emt 0:16:48]} Bd7 {[%emt 0:05:02]} 21. e4 {[%emt 0:02:29]} Bg5 {[%emt 0:05:20]} 22. f4 {[%emt 0:00:47]} Bxf4 {[%emt 0:01:23]} 23. Nxf4 {[%emt 0:02:56]} Qxf4 {[%emt 0:00:06]} 24. exd5 {[%emt 0:00:32]} Bxc6 {[%emt 0:03:39]} 25. Bxc6 {[%emt 0:02:21]} Qxd4+ {[%emt 0:06:13]} 26. Qf2 {[%emt 0:03:39]} Qxf2+ {[%emt 0:00:19]} 27. Kxf2 {[%emt 0:00:02]} Ra7 {[%emt 0:02:06]} 28. Ke3 {[%emt 0:04:35]} g6 {[%emt 0:03:29]} 29. Kd4 {[%emt 0:01:44]} Kg7 {[%emt 0:01:29]} 30. Rab1 {[%emt 0:00:41]} Rd8 {[%emt 0:03:35]} 31. Rb6 {[%emt 0:16:20]} Ne6+ {[%emt 0:07:38]} 32. Kc4 {[%emt 0:00:26]} Nf4 {[%emt 0:02:41]} 33. g3 {[%emt 0:03:03]} Nh5 {[%emt 0:01:30]} 34. Rcb1 {[%emt 0:01:13]} Re7 {[%emt 0:01:51]} 35. Rb8 {[%emt 0:05:22]} Rxb8 {[%emt 0:02:00]} 36. Rxb8 {[%emt 0:00:19]} Re2 {[%emt 0:00:23]} 37. d6 {[%emt 0:06:27]} Nf6 {[%emt 0:02:23]} 38. d7 {[%emt 0:00:52]} Rc2+ {[%emt 0:02:35]} 39. Kd3 {[%emt 0:02:07]} Nxd7 {[%emt 0:00:25]} 40. Bxd7 {[%emt 0:00:07]} Rxh2 {[%emt 0:00:15]} 41. Ra8 {[%emt 0:32:58]} h5 {[%emt 0:38:51]} 42. Rxa5 {[%emt 0:00:53]} Rg2 {[%emt 0:00:26]} 43. Rd5 {[%emt 0:00:00]} Rxg3+ {[%emt 0:00:00]} 44. Kc4 {[%emt 0:00:00]} f5 {[%emt 0:00:00]} 45. a5 {[%emt 0:00:00]} Ra3 {[%emt 0:00:00]} 46. Kb4 {[%emt 0:00:00]} Ra1 {[%emt 0:00:00]} 47. Ba4 {[%emt 0:00:00]} Rb1+ {[%emt 0:00:00]} 48. Bb3 {[%emt 0:00:00]} Ra1 {[%emt 0:00:00]} 49. Rd1 {[%emt 0:00:00]} Rxa5 {[%emt 0:00:00]} 50. Kxa5 {[%emt 0:00:00]} g5 {[%emt 0:00:00]} 51. Rd5 {[%emt 0:00:00]} Kf6 {[%emt 0:00:00]} 52. Bc2 {[%emt 0:00:00]} h4 {[%emt 0:00:00]} 53. Bxf5 {[%emt 0:00:00]} 1-0

[Event "ISR-chT 2019"]
[Site "Israel"]
[Date "2019.02.22"]
[Round "7.1"]
[White "Boruchovsky, Avital"]
[Black "Alexikov, Alexander"]
[Result "1/2-1/2"]
[WhiteElo "2534"]
[BlackElo "2258"]
[Annotator "RC"]
[PlyCount "69"]
[EventDate "2019.01.04"]
[EventType "team-tourn"]
[EventCountry "ISR"]
[SourceTitle "playchess.com"]
[Source "ChessBase"]
[SourceQuality "1"]
[TimeControl "40/5400+30:1800+30"]

1. e4 {[%emt 0:00:00]} c5 {[%emt 0:01:15]} 2. Nf3 {[%emt 0:00:00]} d6 {[%emt 0:00:12]} 3. Bb5+ {[%emt 0:00:00]} Bd7 {[%emt 0:00:17]} 4. Bxd7+ {[%emt 0:00:07]} Qxd7 {[%emt 0:00:11]} 5. O-O {[%emt 0:00:59]} Nc6 {[%emt 0:01:55]} 6. c3 {[%emt 0:01:46]} Nf6 {[%emt 0:14:58]} 7. Qe2 {[%emt 0:00:53]} e6 {[%emt 0:04:24]} 8. Rd1 {[%emt 0:02:57]} Be7 {[%emt 0:06:02]} 9. d4 {[%emt 0:26:02]} cxd4 {[%emt 0:06:44]} 10. cxd4 {[%emt 0:02:26]} d5 {[%emt 0:02:36]} 11. e5 {[%emt 0:02:30]} Ne4 {[%emt 0:00:52]} 12. Ne1 {[%emt 0:00:06]} f6 {[%emt 0:10:50]} 13. f3 {[%emt 0:00:21]} Ng5 {[%emt 0:00:29]} 14. Nc3 {[%emt 0:00:50]} f5 {[%emt 0:02:30]} 15. Be3 {[%emt 0:15:15]} O-O {[%emt 0:06:21]} 16. Nd3 {[%emt 0:01:51]} Nf7 {[%emt 0:01:15]} 17. Kh1 {[%emt 0:02:58]} g5 {[%emt 0:04:06]} 18. f4 {[%emt 0:01:31]} g4 {[%emt 0:01:16]} 19. Bf2 {[%emt 0:01:01]} Nh8 {[%emt 0:01:58]} 20. g3 {[%emt 0:10:27]} Ng6 {[%emt 0:07:34]} 21. Kg2 {[%emt 0:00:06]} h5 {[%emt 0:03:37]} 22. Rh1 {[%emt 0:00:07]} Kg7 {[%emt 0:01:40]} 23. h3 {[%emt 0:01:41]} Rh8 {[%emt 0:00:12]} 24. Rh2 {[%emt 0:04:24]} Rh7 {[%emt 0:02:52]} 25. Rah1 {[%emt 0:00:15]} Rah8 {[%emt 0:00:25]} 26. Qd1 {[%emt 0:01:42]} b6 {[%emt 0:05:09]} 27. Qa4 {[%emt 0:03:07]} Qb7 {[%emt 0:01:49]} 28. Kg1 {[%emt 0:02:44]} a6 {[%emt 0:01:35]} 29. Ne2 {[%emt 0:02:48]} Na5 {[%emt 0:04:47]} 30. hxg4 {[%emt 0:00:33]} hxg4 {[%emt 0:00:09]} 31. Rxh7+ {[%emt 0:00:17]} Rxh7 {[%emt 0:00:02]} 32. Rxh7+ {[%emt 0:00:10]} Kxh7 {[%emt 0:00:09]} 33. Qe8 {[%emt 0:04:43]} Kg7 {[%emt 0:00:19]} 34. Be1 {[%emt 0:00:28]} Qc6 {[%emt 0:01:37]} 35. Qxc6 {[%emt 0:02:51]} 1/2-1/2

[Event "ISR-chT 2019"]
[Site "Israel"]
[Date "2019.02.22"]
[Round "7.2"]
[White "Poleg, Dan"]
[Black "Grinberg, Eyal"]
[Result "0-1"]
[WhiteElo "2264"]
[BlackElo "2472"]
[Annotator "TA"]
[PlyCount "68"]
[EventDate "2019.01.04"]
[EventType "team-tourn"]
[EventCountry "ISR"]
[SourceTitle "playchess.com"]
[Source "ChessBase"]
[SourceQuality "1"]

{[%evp 13,68,12,18,-1,0,-5,36,29,29,35,52,0,0,0,-10,-9,-2,-5,-7,-77,-16,-10,-19,-42,-47,-55,-64,-69,-81,-98,-99,-146,-86,-74,-81,-81,-81,-69,-59,-61,-61,-151,-147,-185,-182,-233,-247,-243,-229,-344,-393,-508,-516,-665,-668,-922,-880]} 1. d4 {Ftacnik,L} Nf6 2. c4 e6 3. Nf3 b6 4. a3 Bb7 5. Nc3 g6 6. Bg5 h6 {E12: Queen's Indian: Unusual White 4th moves, 4 a3, 4 Nc3 Bb7 5 a3 and 4 Nc3 Bb7} 7. Bh4 Bg7 {LiveBook: 21 Games} 8. d5 O-O {The position is equal.} 9. e3 c5 $146 ({Predecessor:} 9... a5 10. Bd3 Na6 11. Bc2 Nc5 12. O-O a4 13. e4 d6 14. Nd4 Qd7 {0-1 (50) Gelfand,B (2700)-Christiansen,L (2590) Munich 1991 CBM 023 [Ftacnik,L]}) 10. Be2 exd5 11. cxd5 d6 12. O-O (12. e4 $14) 12... g5 $11 13. Bg3 Nh5 14. Nd2 Nxg3 15. hxg3 Nd7 16. Nc4 {[#]} (16. e4 $11 {keeps the balance.}) 16... Ne5 (16... Bxc3 $1 $17 17. Nxd6 Bxb2 18. Nxb7 Qc7) 17. Nxe5 Bxe5 18. g4 Qe7 19. Qd3 Bc8 20. e4 Bd7 21. g3 Rae8 22. Rae1 h5 (22... Bxc3 $142 $1 23. Qxc3 Qxe4) 23. gxh5 $17 Bh3 24. Bf3 Bxf1 25. Kxf1 Bd4 26. Re2 Qd7 27. Bg2 (27. g4 $15) 27... g4 28. Qd2 Re5 29. Qh6 (29. h6 {was worth a try.}) 29... Bxc3 $19 30. bxc3 f6 31. f3 (31. Qd2 $142) 31... gxf3 32. Bxf3 Rg5 {Black is clearly winning.} 33. Kg2 Rf7 34. Rf2 Qe7 {Precision: White = 26%, Black = 75%.} 0-1

[Event "ISR-chT 2019"]
[Site "Israel"]
[Date "2019.02.22"]
[Round "7.3"]
[White "Givon, Asaf"]
[Black "Tifferet, Shaked"]
[Result "1-0"]
[WhiteElo "2471"]
[BlackElo "2233"]
[Annotator "TA"]
[PlyCount "69"]
[EventDate "2019.01.04"]
[EventType "team-tourn"]
[EventCountry "ISR"]
[SourceTitle "playchess.com"]
[Source "ChessBase"]
[SourceQuality "1"]

{[%evp 19,69,64,45,23,60,60,52,52,62,65,203,89,286,274,529,518,555,541,566,549,543,512,527,527,545,551,547,506,498,481,457,269,267,270,272,249,325,291,1227,1216,1198,1170,1142,1135,1113,1113,1045,987,1650,1640,1672,1641]} 1. e4 e5 2. Nf3 Nc6 3. Bb5 a6 4. Ba4 Nf6 5. O-O Nxe4 6. d4 Be7 7. Re1 b5 8. Rxe4 {C84: Closed Ruy Lopez: Unusual White 6th moves} d5 9. Nxe5 Nxe5 10. Rxe5 bxa4 {LiveBook: 19 Games} 11. Qe2 f6 $146 ({Predecessor:} 11... c6 12. Nc3 Ra7 13. Nxa4 O-O 14. Bd2 Bd6 15. f4 Bxe5 16. fxe5 {½-½ (65) Saric,I (2695)-Ragger,M (2687) St Petersburg 2018}) 12. Re3 c5 13. dxc5 {b4 is the strong threat.} Kf7 14. Nc3 Bb7 (14... Bxc5 $14 15. Rd3 (15. Nxa4 Bxe3 16. Bxe3 Re8 $15) 15... Qe7) 15. Rd3 (15. b4 $18) 15... d4 $2 {[#]} (15... Bxc5 $16 {was necessary.} 16. Be3 Bxe3) 16. Be3 $1 $18 {[%mdl 512]} dxe3 $2 (16... Qc8 {keeps fighting.}) 17. Rxd8 exf2+ 18. Kf1 Rhxd8 19. c6 Bc8 20. Qh5+ Kf8 21. Nd5 Be6 22. Nxe7 Kxe7 23. Qc5+ Kf7 24. Kxf2 Rd5 25. Qc3 (25. Qb6 $142 {Hoping for Qb7+.} Rb5 26. Qc7+ Kg6 27. Re1) 25... Rc8 26. Re1 Rc7 27. Re2 Rb5 28. b3 Rb6 $2 {[#]} (28... Rd5 29. Qb4 Rxc6) 29. Rxe6 $1 {[%mdl 512] White is clearly winning.} Kxe6 {[%mdl 4096] Endgame KQ-KRR} 30. Qe3+ Kd6 31. Qxb6 Rxc6 32. Qd4+ Ke7 33. c4 axb3 34. axb3 g6 35. Qa7+ {Precision: White = 65%, Black = 30%.} 1-0

[Event "ISR-chT 2019"]
[Site "Israel"]
[Date "2019.02.22"]
[Round "7.4"]
[White "Poleg, Matan"]
[Black "Rozentalis, Eduardas"]
[Result "0-1"]
[WhiteElo "2195"]
[BlackElo "2529"]
[Annotator "ChessBase"]
[PlyCount "85"]
[EventDate "2019.01.04"]
[EventType "team-tourn"]
[EventCountry "ISR"]
[SourceTitle "playchess.com"]
[Source "ChessBase"]
[SourceQuality "1"]
[TimeControl "40/5400+30:1800+30"]

1. d4 {[%emt 0:00:36]} Nf6 {[%emt 0:00:00]} 2. c4 {[%emt 0:00:32]} e6 {[%emt 0:00:00]} 3. Nf3 {[%emt 0:00:26]} Bb4+ {[%emt 0:01:08]} 4. Nbd2 {[%emt 0:00:37]} O-O {[%emt 0:01:28]} 5. a3 {[%emt 0:00:38]} Bxd2+ {[%emt 0:00:31]} 6. Qxd2 {[%emt 0:00:08]} d6 {[%emt 0:01:00]} 7. b3 {[%emt 0:00:13]} b6 {[%emt 0:03:17]} 8. g3 {[%emt 0:00:52]} Bb7 {[%emt 0:00:11]} 9. Bg2 {[%emt 0:00:37]} Nbd7 {[%emt 0:00:28]} 10. Bb2 {[%emt 0:02:05]} Qe7 {[%emt 0:01:25]} 11. O-O {[%emt 0:02:09]} Rfd8 {[%emt 0:10:54]} 12. Rfd1 {[%emt 0:12:38]} Be4 {[%emt 0:01:54]} 13. Bh3 {[%emt 0:10:47]} h6 {[%emt 0:04:01]} 14. d5 {[%emt 0:06:50]} exd5 {[%emt 0:05:30]} 15. Nd4 {[%emt 0:00:11]} dxc4 {[%emt 0:00:57]} 16. f3 {[%emt 0:00:13]} Bb7 {[%emt 0:02:38]} 17. Nf5 {[%emt 0:01:12]} Qf8 {[%emt 0:04:56]} 18. Qc3 {[%emt 0:05:05]} Ne5 {[%emt 0:14:12]} 19. bxc4 {[%emt 0:06:18]} h5 {[%emt 0:12:03]} 20. Qc1 {[%emt 0:03:18]} Bc8 {[%emt 0:01:16]} 21. Qg5 {[%emt 0:04:47]} Bxf5 {[%emt 0:00:30]} 22. Bxf5 {[%emt 0:00:42]} Qe7 {[%emt 0:02:18]} 23. Rd4 {[%emt 0:03:56]} Re8 {[%emt 0:01:41]} 24. Rh4 {[%emt 0:12:01]} Ng6 {[%emt 0:01:48]} 25. Bxg6 {[%emt 0:00:10]} fxg6 {[%emt 0:00:06]} 26. e4 {[%emt 0:00:17]} Qf7 {[%emt 0:07:06]} 27. Rf4 {[%emt 0:00:53]} Re6 {[%emt 0:00:15]} 28. a4 {[%emt 0:02:04]} Rae8 {[%emt 0:02:43]} 29. a5 {[%emt 0:00:49]} Re5 {[%emt 0:02:51]} 30. Bxe5 {[%emt 0:00:06]} Rxe5 {[%emt 0:02:35]} 31. axb6 {[%emt 0:00:07]} axb6 {[%emt 0:00:42]} 32. Rxf6 {[%emt 0:04:15]} Qxf6 {[%emt 0:00:34]} 33. Qe3 {[%emt 0:06:31]} Ra5 {[%emt 0:01:30]} 34. Rxa5 {[%emt 0:00:47]} bxa5 {[%emt 0:00:35]} 35. c5 {[%emt 0:02:23]} a4 {[%emt 0:06:06]} 36. f4 {[%emt 0:03:01]} Qb2 {[%emt 0:01:41]} 37. cxd6 {[%emt 0:02:06]} cxd6 {[%emt 0:00:18]} 38. f5 {[%emt 0:00:27]} a3 {[%emt 0:01:48]} 39. Qd3 {[%emt 0:01:01]} gxf5 {[%emt 0:01:12]} 40. Qd5+ {[%emt 0:00:30]} Kh8 {[%emt 0:00:08]} 41. Qxd6 {[%emt 0:10:04]} Kh7 {[%emt 0:09:09]} 42. Qd1 {[%emt 0:05:03]} Qb6+ {[%emt 0:04:02]} 43. Kg2 {[%emt 0:01:06]} 0-1

[Event "ISR-chT 2019"]
[Site "Israel"]
[Date "2019.02.22"]
[Round "7.5"]
[White "Gorshtein, Ido"]
[Black "Kudischewitsch, David"]
[Result "1-0"]
[WhiteElo "2380"]
[BlackElo "2350"]
[Annotator "TA"]
[PlyCount "43"]
[EventDate "2019.01.04"]
[EventType "team-tourn"]
[EventCountry "ISR"]
[SourceTitle "playchess.com"]
[Source "ChessBase"]
[SourceQuality "1"]

{[%evp 15,43,36,58,40,61,51,91,81,83,104,221,212,216,227,352,351,415,397,704,683,894,883,1337,1335,1810,1793,1615,1320,1148,980]} 1. e4 d5 2. Nc3 dxe4 3. Nxe4 Qd5 4. Nc3 Qa5 5. d4 Nf6 6. Bd2 c6 7. Bc4 Bg4 8. Nf3 e6 9. h3 {B01: Scandinavian Defence} Qh5 (9... Bxf3 10. Qxf3 Nbd7 11. Qg3 Nh5 12. Qf3 Nhf6 13. O-O-O Qc7 14. g4 Nb6 15. Bb3 Bd6 16. Kb1 a5 17. Na4 Nxa4 18. Bxa4 Nd5 19. c3 b5 20. Bc2 Bf4 21. Be3 a4 22. a3 {1-0 (39) Karpus,M (2372)-Tokranovs,D (2332) Lvov 2018}) 10. Be2 Bd6 11. O-O {White is better.} Bxf3 12. Bxf3 Qh4 {[#]} (12... Qf5 $16 {might work better.}) 13. Nb5 $1 $18 {[%cal Rb5d6]} cxb5 $146 ({Predecessor:} 13... Ke7 14. Nxd6 Kxd6 15. Kh2 Nd5 16. c4 Ne7 {1-0 (24) Nesse,D (1502)-Breed,G (1801) Calvia 2016}) 14. Bxb7 g5 (14... Nbd7 $142) 15. Bxa8 g4 16. g3 Qxh3 $2 (16... Qh5 17. b4 O-O) 17. Bg5 {White is clearly winning.} Nbd7 18. Bh4 Nd5 19. Bxd5 exd5 20. Re1+ Kf8 21. Qd2 {[#] Qh6+ would kill now.} h6 22. Qd3 {Accuracy: White = 96%, Black = 12%.} 1-0

[Event "ISR-chT 2019"]
[Site "Israel"]
[Date "2019.02.22"]
[Round "7.6"]
[White "Drozdov, Alexandre"]
[Black "Ben Artzi, Ido"]
[Result "0-1"]
[WhiteElo "2208"]
[BlackElo "2376"]
[Annotator "NA"]
[PlyCount "64"]
[EventDate "2019.01.04"]
[EventType "team-tourn"]
[EventCountry "ISR"]
[SourceTitle "playchess.com"]
[Source "ChessBase"]
[SourceQuality "1"]
[TimeControl "40/5400+30:1800+30"]

1. d4 {[%emt 0:00:00]} Nf6 {[%emt 0:00:11]} 2. Bg5 {[%emt 0:00:00]} Ne4 {[%emt 0:00:07]} 3. Bf4 {[%emt 0:00:00]} d5 {[%emt 0:00:06]} 4. f3 {[%emt 0:00:00]} Nf6 {[%emt 0:00:16]} 5. e3 {[%emt 0:01:19]} c5 {[%emt 0:00:37]} 6. c3 {[%emt 0:00:09]} Nc6 {[%emt 0:00:54]} 7. Bd3 {[%emt 0:00:36]} e6 {[%emt 0:02:42]} 8. Nd2 {[%emt 0:09:13]} Nh5 {[%emt 0:02:49]} 9. Ne2 {[%emt 0:21:45]} Nxf4 {[%emt 0:00:59]} 10. Nxf4 {[%emt 0:06:08]} Bd6 {[%emt 0:01:07]} 11. g3 {[%emt 0:01:57]} h5 {[%emt 0:04:31]} 12. Qe2 {[%emt 0:02:56]} h4 {[%emt 0:04:05]} 13. O-O-O {[%emt 0:06:14]} c4 {[%emt 0:15:00]} 14. Bb1 {[%emt 0:02:38]} g5 {[%emt 0:00:23]} 15. Ng2 {[%emt 0:01:26]} h3 {[%emt 0:02:23]} 16. Ne1 {[%emt 0:00:02]} b5 {[%emt 0:00:56]} 17. e4 {[%emt 0:02:20]} Kf8 {[%emt 0:13:38]} 18. Nc2 {[%emt 0:07:03]} b4 {[%emt 0:03:27]} 19. Rdf1 {[%emt 0:01:04]} bxc3 {[%emt 0:21:26]} 20. bxc3 {[%emt 0:00:04]} f5 {[%emt 0:08:41]} 21. Re1 {[%emt 0:18:30]} Bd7 {[%emt 0:00:56]} 22. Nf1 {[%emt 0:02:06]} f4 {[%emt 0:05:31]} 23. Rg1 {[%emt 0:02:14]} Qa5 {[%emt 0:01:45]} 24. e5 {[%emt 0:01:57]} Ba3+ {[%emt 0:04:34]} 25. Kd1 {[%emt 0:04:02]} Qxc3 {[%emt 0:01:24]} 26. Qd2 {[%emt 0:01:49]} Qxf3+ {[%emt 0:00:37]} 27. Re2 {[%emt 0:00:04]} c3 {[%emt 0:00:47]} 28. Ne1 {[%emt 0:00:58]} Qxf1 {[%emt 0:01:46]} 29. Qxc3 {[%emt 0:00:08]} Qxg1 {[%emt 0:00:23]} 30. Qxa3+ {[%emt 0:00:06]} Kg7 {[%emt 0:00:25]} 31. Rd2 {[%emt 0:02:26]} fxg3 {[%emt 0:00:31]} 32. Qf3 {[%emt 0:04:03]} Raf8 {[%emt 0:00:18]} 0-1